000 00563nam a2200181Ia 4500
005 20250423101430.0
008 250422s9999 xx 000 0 und d
020 _a9781292027678
050 _aPE 1408 .S49/
100 _aDaniel, Seward E.
245 4 _aThe Scott Foresman handbook for writers
260 _aHarlow
260 _bPearson
260 _c2014
300 _a718 p
650 _aEnglish language--Rhetoric--Handbooks, manuals, etc. English language--Grammar--Handbooks, manuals, etc. Report writing--Handbooks, manuals, etc.
942 _cBK
999 _c36289
_d36289